Ciencias de la sociedad : Archivo /

Guardado en:
Autor Corporativo: DIDACO.
Formato: Deslizar
Materias:
Etiquetas: Agregar Etiqueta
Sin Etiquetas, Sea el primero en etiquetar este registro!
LEADER 00821ngm a22002535g 4500
001 CEM.cems021939
008 130507b1993##################0###0#####d
005 20240920151651.0
245 1 0 |a Ciencias de la sociedad :  |b Archivo /  |c DIDACO. 
300 |a 05'. 
500 |a En soporte VHS, consultar en ventanilla. 
538 |a Soporte: VHS - Norma: Pal N - Color - Grabación DRD 1993 - Hitachi=3791. 
505 0 |a Recolección de frutas y semillas. Selección. Pruebas de germinación. Plagas. Archivo. 
110 2 |a DIDACO. 
082 3 0 |/ BOR 
653 |a SOCIOLOGIA 
653 |a SOCIEDAD 
653 |a FRUTAS 
653 |a SEMILLAS 
653 |a GERMINACION 
653 |a PLAGAS 
653 |a BIOLOGIA VEGETAL 
653 |a NIVEL SECUNDARIO 
859 |a CEMS  |b BIB. CEMS - Depto. Recursos Didacticos  |h 301  |i BOR  |k DRD  |p 582.12  |t Ej.1